003430000a22001090004500008004100000082001600041110005200057245003300109260005700142300001100199650002300210230817t ||||| |||| 00| 0 eng d a305.42bSRI aSri Lanka, Ministry of health & women's affairs aStatus of Women (Shri Lanka) aColombo:bMinistry of Health & Women's Affairsc1993 a116 p. aFEMINISM-Sri Lanka